Scandinavian cardiovascular journal (Record no. 118039)

MARC details
000 -LEADER
fixed length control field 01715cas a22003855a 4500
001 - CONTROL NUMBER
control field vtls003136327
003 - CONTROL NUMBER IDENTIFIER
control field MY-SjTCS
005 - DATE AND TIME OF LATEST TRANSACTION
control field 20200207085519.0
006 - FIXED-LENGTH DATA ELEMENTS--ADDITIONAL MATERIAL CHARACTERISTICS
fixed length control field m d ||||||
007 - PHYSICAL DESCRIPTION FIXED FIELD--GENERAL INFORMATION
fixed length control field cr anunnnuuuaa
008 - FIXED-LENGTH DATA ELEMENTS--GENERAL INFORMATION
fixed length control field 970507c19979999no br p 0 0eng d
022 ## - INTERNATIONAL STANDARD SERIAL NUMBER
International Standard Serial Number 1401-7431
035 ## - SYSTEM CONTROL NUMBER
System control number (EbpS)ebs508588
039 #9 - LEVEL OF BIBLIOGRAPHIC CONTROL AND CODING DETAIL [OBSOLETE]
Level of rules in bibliographic description 201205181038
Level of effort used to assign nonsubject heading access points stazrina
-- 200812260849
-- VLOAD
060 00 - NATIONAL LIBRARY OF MEDICINE CALL NUMBER
Classification number W1
Item number SC154C
245 00 - TITLE STATEMENT
Title Scandinavian cardiovascular journal
Medium [electronic resource] :
Remainder of title SCJ.
246 30 - VARYING FORM OF TITLE
Title proper/short title SCJ
260 ## - PUBLICATION, DISTRIBUTION, ETC.
Place of publication, distribution, etc. Oslo ;
-- Boston :
Name of publisher, distributor, etc. Scandinavian University Press,
Date of publication, distribution, etc. c1997-
310 ## - CURRENT PUBLICATION FREQUENCY
Current publication frequency Bimonthly
362 0# - DATES OF PUBLICATION AND/OR SEQUENTIAL DESIGNATION
Dates of publication and/or sequential designation Vol. 31, no. 1 (1997)-
500 ## - GENERAL NOTE
General note Title from cover.
500 ## - GENERAL NOTE
General note Academic Journal
529 ## -
-- TSLHHL
530 ## - ADDITIONAL PHYSICAL FORM AVAILABLE NOTE
Additional physical form available note Online version of print publication.
550 ## - ISSUING BODY NOTE
Issuing body note Official organ of the Scandinavian Association for Thoracic Surgery.
650 #0 - SUBJECT ADDED ENTRY--TOPICAL TERM
Topical term or geographic name entry element Cardiovascular system
General subdivision Diseases
Form subdivision Periodicals.
650 02 - SUBJECT ADDED ENTRY--TOPICAL TERM
Topical term or geographic name entry element Cardiovascular Diseases
Form subdivision Periodicals.
650 17 - SUBJECT ADDED ENTRY--TOPICAL TERM
Topical term or geographic name entry element Hart en bloedvaten.
Source of heading or term gtt
650 17 - SUBJECT ADDED ENTRY--TOPICAL TERM
Topical term or geographic name entry element Borstkas.
Source of heading or term gtt
650 17 - SUBJECT ADDED ENTRY--TOPICAL TERM
Topical term or geographic name entry element Chirurgie (geneeskunde)
Source of heading or term gtt
710 2# - ADDED ENTRY--CORPORATE NAME
Corporate name or jurisdiction name as entry element Scandinavian Association for Thoracic Surgery.
773 0# - HOST ITEM ENTRY
Title Academic Source Complete
Place, publisher, and date of publication Ipswich, MA : EBSCO Publishing, 1999-
780 00 - PRECEDING ENTRY
Title Scandinavian journal of thoracic and cardiovascular surgery
International Standard Serial Number 0036-5580
Record control number (DLC)sf 81002023
-- (OCoLC)1588502
856 40 - ELECTRONIC LOCATION AND ACCESS
Materials specified Full text available: Feb 1998-. (Due to publisher restrictions, the most recent 12 months are not available.).
Public note Available on EBSCOhost.
Uniform Resource Identifier https://ezproxy.taylors.edu.my/login?url=https://search.ebscohost.com/direct.asp?db=a9h&jid=2UX
Holdings
Withdrawn status Lost status Damaged status Not for loan Home library Current library Date acquired Total Checkouts Date last seen Price effective from Koha item type
      e-journal Taylor's Library-TU Taylor's Library-TU 10/12/2025   10/12/2025 10/12/2025 Journals